000
00300nam a22001217a 4500
041
_a
ENG
100
_a
Hinnawi E.
245
_a
The Environmental Imoacts Production and Use Of Energy
260
_a
Delhi
_b
United Nations Environment
_c
1981
300
_a
322
650
_a
EOES
856
_u
EOES ( 12 )
999
_c
1213
_d
1213